00328nam a2200133Ia 4500008004100000020001500041041001200056082001600068100001800084245003400102260004200136300000800178650000800186221030s9999 xx 000 0 und d a8185392862 aEnglish a105.23bBog aT. F. Bogoart 0aEelctronic Devices & Circuits bUniversal Book StallaNew Delhic2001 a847 aECE